[Event "Chess.com Rapid Wk1 Swiss"]
[Site "Chess.com"]
[Date "2022.02.12"]
[Round "5"]
[White "Hakobyan, Aram"]
[Black "Hansen, Eric"]
[Result "0-1"]
[WhiteElo "2601"]
[BlackElo "2606"]
[Annotator "John Upper"]
[PlyCount "52"]
[EventDate "2022.02.12"]
[EventType "swiss (rapid)"]
[EventRounds "9"]
[EventCountry "NET"]
[SourceTitle "Chess Canada Tactiosauru"]
[Source "CFC/John Upper"]
[SourceDate "2023.03.11"]
[SourceVersion "1"]
[SourceVersionDate "2023.03.11"]
[SourceQuality "1"]

1. b3 e5 2. Bb2 Nc6 3. c4 Nf6 4. Nf3 e4 5. Nd4 Bc5 6. Nf5 O-O 7. e3 {[#]} d6 $5
{[%mdl 4]} ({Far more common is} 7... d5 {which has been played by Nakamura
and So and Svidler:} 8. cxd5 Nb4 $11 (8... Nxd5 $4 9. Qg4 {#3}) 9. Ng3 Nbxd5
10. Qc2 $11) 8. Ng3 Re8 9. Bxf6 Qxf6 10. Nc3 Qh4 (10... Bf5 $4 11. Nd5 $18) 11.
Be2 f5 12. O-O Be6 13. d4 exd3 14. Bxd3 g6 15. Nce2 $6 Ne5 $15 16. h3 $1 (16.
Bc2 $2 Ng4 17. h3 Nxf2 $1 18. Rxf2 $8 (18. Kxf2 $2 f4 $19) 18... Bxe3 $17)
16... a5 17. Bc2 Bf7 18. Qd2 {[%mdl 32832] [#]Critical Position} a4 $1 {
Avoiding the flashy mistake and continuing to press for queenside squares.} ({
Of course you saw ...Qxh3; but did you see that it gives up Black's advantage?
} 18... Qxh3 $2 {flashy, but not good:} 19. gxh3 Nf3+ 20. Kg2 Nxd2 21. Rfd1 Ne4
(21... Bb4 $2 22. a3 $16 {remember this tactic later.}) 22. Nxe4 fxe4 23. Ng3
$13 {White gets the pawn back and Black will have trouble keeping the B pair.})
19. Rae1 $4 {Possibly a mouseslip.} (19. Rad1 $142 {defending the Qd2 prevents
the ...Qxh3 tactic.}) (19. b4 $2 Bb6 $17 {and c4 is gone}) ({If Black were
Alekhine, then there would be the obligatory comment about "playing on both
sides of the board", because that's what 18...a4 does: it makes ...Qxh3 a real
threat! If White were to pass then:} 19. Z0 Qxh3 $1 20. gxh3 Nf3+ 21. Kg2 Nxd2
22. Rfd1 {as above, but now} axb3 $1 {gaining a tempo on the B as well as
eliminating the a2 pawn so Black (if necessary) can safely defend the Nd2 with
...Bb4.} 23. axb3 Rxa1 24. Rxa1 d5 $1 25. Rd1 Bb4 $19 {Black's up a pawn and
his Bs are perpetrating.}) 19... axb3 20. axb3 {[#]} Qxh3 $1 {Now this is
crushing. It wins a pawn, but the real point is to remove the defender of g4,
making ...Ng4 a winning threat.} 21. b4 $5 {White tries to confuse things, but
Eric keeps his wits.} (21. gxh3 {saves the K, but after} Nf3+ 22. Kg2 Nxd2 {
we see the difference from 18...Qxh3: the Rf1 can't move with tempo, so Black
has time to bring the Ra8 into the attack.} 23. Rg1 Ra2 $19 {Black is up a
pawn and the white queenside is collapsing.}) 21... Qh4 $1 22. Bxf5 $5 (22.
bxc5 Ng4 {mates.}) 22... Nxc4 $1 23. Qc3 Ra3 24. Qc1 Bxb4 25. Rd1 Bc5 26. Bd7
Rexe3 $1 0-1

[Event "Airthings Masters Prelim"]
[Site "chess24.com INT"]
[Date "2022.02.21"]
[Round "10"]
[White "Carlsen, Magnus"]
[Black "Hansen, Eric"]
[Result "0-1"]
[WhiteElo "2865"]
[BlackElo "2606"]
[Annotator "John Upper"]
[PlyCount "65"]
[EventDate "2022.02.19"]
[EventType "tourn (rapid)"]
[EventRounds "15"]
[EventCountry "GER"]
[EventCategory "19"]
[SourceTitle "Chess Canada Tactiosauru"]
[Source "CFC/John Upper"]
[SourceDate "2023.03.11"]
[SourceVersion "1"]
[SourceVersionDate "2023.03.11"]
[SourceQuality "1"]

1. e4 e5 2. Nf3 Nc6 3. Bb5 a6 4. Ba4 Nf6 5. O-O Be7 6. Re1 b5 7. Bb3 d6 8. c3
O-O 9. h3 Na5 10. Bc2 c5 11. d4 Qc7 12. Nbd2 cxd4 13. cxd4 Nc6 14. Nb3 a5 15.
Be3 a4 16. Nbd2 Nb4 17. Bb1 {[#]} Bd7 (17... a3 18. Qb3 Qa5 19. bxa3 Qxa3 20.
dxe5 dxe5 21. Nxe5 $14 {(½-½, 63) Dominguez Perez,L (2736)-Harikrishna,P 
(2740) Linares, 2015.}) 18. a3 Nc6 19. Qe2 (19. Bd3 Na5 20. Qe2 Qb8 21. Rec1
Re8 22. Rab1 exd4 $6 23. Nxd4 b4 (23... d5 24. Bxb5 $14) 24. Bb5 b3 25. Bxd7
Nxd7 26. Nb5 $14 (26. Nf5 $1) 26... Nc5 27. Nxd6 Bxd6 28. Bxc5 $14 {(1-0, 40)
Leko,P (2665)-Adams,M (2715) Tilburg, 1998.}) 19... Qb7 20. Bd3 Rab8 (20...
Rfe8 21. Rac1 Rab8 22. dxe5 dxe5 23. Nb1 Bd8 (23... b4 $11) 24. Rc5 b4 25. Rb5
Qa8 {(1-0, 42) Karpov,A (2720)-Hort,V (2590) Luzern Ol., 1982.}) 21. Rec1 $6
exd4 $11 22. Nxd4 Ne5 23. Bc2 Rfe8 24. Re1 h6 25. Rad1 Bf8 26. Bb1 b4 27. f4
Ng6 28. Bd3 bxa3 29. bxa3 Qb2 {[%mdl 32832] [#] Critical Position White is
fantastically centralized, but Black has just played the annoying ...Qb2.} 30.
Rb1 $2 (30. Ra1 $2 Nxf4 $19) (30. Nc2 {defends a3, but Black has several moves,
including} Bb5 {so that if} 31. Rb1 Qxc2 $8 $11) 30... Nxf4 $3 $17 (30... Qxa3
$6 31. Nb5 $13) 31. Qf1 Qc3 $8 {Both white pieces attacking Nf4 are busy
defending other white pieces.} 32. Bb5 Ng6 (32... N4d5 $142 $3 {but who is
going to look at such a wild move when they already have the World Champ on
the ropes?}) 33. Bxa4 $4 {Carlsen's head had melted, and he resigned here.*   
* but did not accuse Eric of cheating.} (33. Bxd7 $142 Nxd7 $17 {and White
might get lucky.}) 0-1

[Event "CAN-ch"]
[Site "Kingston"]
[Date "2022.04.13"]
[Round "1.7"]
[White "Rodrigue Lemieux, Shawn"]
[Black "Barron, Michael"]
[Result "1-0"]
[WhiteElo "2342"]
[BlackElo "2108"]
[Annotator "John Upper"]
[PlyCount "99"]
[EventDate "2022.04.13"]
[EventType "swiss"]
[EventRounds "9"]
[EventCountry "CAN"]
[SourceTitle "Chess Canada Tactiosauru"]
[Source "CFC/John Upper"]
[SourceDate "2023.03.11"]
[SourceVersion "1"]
[SourceVersionDate "2023.03.11"]
[SourceQuality "1"]

{[%evp 0,99,22,22,22,18,18,10,23,3,9,3,14,14,22,9,16,6,25,-10,3,-9,10,-5,10,
-20,16,-33,-28,-22,-14,-46,-53,-31,-30,-29,-29,-52,-73,-51,-10,-93,-95,-90,-71,
-65,-73,-73,-79,-75,-75,-71,-70,-71,-60,-60,-60,-61,-61,-61,-61,-61,-61,-60,
-57,-58,-53,-64,-59,-82,-49,-49,-42,-90,-83,-144,-33,-15,-15,-22,0,0,72,-25,0,
0,0,0,49,49,49,120,177,211,266,265,265,372,504,520,520,528]} 1. e4 e5 2. Nf3
Nc6 3. Bb5 a6 4. Ba4 Nf6 5. d3 b5 6. Bb3 Bc5 7. O-O O-O 8. a4 b4 9. a5 d6 {[#]}
10. Nbd2 (10. h3 Be6 11. Nbd2 Rb8 12. Nc4 Ne7 13. Ng5 Bd7 14. Be3 Bxe3 15. Nxe3
Ng6 $11 {(1-0, 69) Nakamura,H (2754)-Caruana,F (2819) Paris (blitz), 2019.})
10... h6 11. h3 Rb8 12. Re1 g5 13. Nh2 Be6 14. Bc4 Qc8 15. Ndf1 Bxc4 16. dxc4
Qe6 17. Qd3 Nh5 18. Ne3 Nf4 19. Qd1 Ne7 {[%mdl 32832] [#]  Critical Position
Can White stabilize the kingside with g3 ...Nf4-moves then Kg2?} 20. g3 $2 (20.
Nd5 $142 $13) 20... Nxh3+ $1 {White may have counted on the thought that the
Nh3 would get trapped. But there are two problems in this line for White...} ({
In fact, the Nf4 isn't really hanging, since after} 20... Kh8 $1 {White would
get smashed if he takes it:} 21. gxf4 $6 gxf4 22. Nd5 (22. Neg4 h5 $19) 22...
Rg8+ 23. Kh1 Nxd5 24. cxd5 Qxh3 25. Qf3 (25. Rg1 Bxf2 $1 $19) 25... Qh4 26. Rf1
Rg5 $18) 21. Kg2 f5 $5 ({The first problem for White is here:} 21... Nxf2 $142
$1 22. Kxf2 Qh3 $8 $19 {two pawns for the N and ...f5 bringing the R into the
attack and Black is winning.}) 22. Kxh3 f4+ 23. Qg4 {[#] Blocking the check
with a counter-attack on the Q. This is probably the tactic White counted on
to save the piece. It does save the piece, but Black's pawn mass is full
compensation.} (23. Neg4 $2 h5 {or ...Bxf2 both win.}) (23. Kg2 fxe3 24. Bxe3
$15) 23... Qxg4+ 24. Nexg4 h5 $8 25. Nh6+ Kh7 26. gxf4 gxf4 $1 ({The computer
prefers the very inhuman} 26... exf4 $5 {which I'm sure most humans would
barely consider, as it seems to promise White open lines for both his B and
Re1.}) (26... Kxh6 27. fxg5+ Kg6 28. Be3 $15) 27. Nf5 Nxf5 28. exf5 Bxf2 $17
29. Re2 Bc5 30. Bd2 ({There's no bailing out with} 30. Bxf4 exf4 31. Re7+ Kg8
32. Rxc7 b3 33. c3 Rf7 $19) 30... Rxf5 31. Rf1 Rg8 32. Be1 Rfg5 33. Nf3 Rg4 {
[#]} 34. Nd2 (34. c3 bxc3 (34... b3 $15) 35. Bxc3 Rg3+ 36. Kh2 Rb8 $1 {aiming
to trade Bs and attack the queenside pawns.}) 34... Rg1 35. Rxg1 Rxg1 36. Kh2
Rg4 37. Ne4 {threatening to fork on f6 or trade the Bc5, which would leave
Black without a crucial piece to support the pawns.} f3 $6 (37... Bg1+ $142 {
saving the B with tempo.} 38. Kh3 Kg6 39. Rg2 Kf5 $19) 38. Nf6+ Kg6 39. Nxg4
hxg4 40. Rd2 e4 $2 {[#]} (40... Kg5 $142 41. Bg3 Kf5 $13) 41. Bh4 $4 (41. Kg3
$8 e3 42. Rd1 $1 (42. Rd5 $4 c6 43. Rd1 Kg5 44. Rd3 d5 $1 (44... f2 45. Bxf2
exf2 46. Kg2 $11) 45. cxd5 (45. Kh2 d4 $19) 45... Bd6#) (42. Rh2 f2 43. Bxf2
exf2 44. Kg2 Bd4 $11) 42... Kf5 43. Rd5+ Kf6 44. Kxg4 f2 45. Bxf2 exf2 46. Rf5+
$11) 41... e3 $4 (41... c6 $19 {prevents Rd5+ and so allows the Black K to
advance, it also prepares ...d5 and ...Bd6+.} 42. Be7 e3 43. Rxd6+ Kf7 (43...
Bxd6+ 44. Bxd6 b3 $3 {freeing d3 for the Black K.} (44... Kf5 $4 45. Bxb4 $11)
45. cxb3 (45. Bc5 e2 46. Bf2 bxc2 $19) 45... Kf5 46. Kg3 Ke4 $19) 44. Re6 Bxe7
45. Rxe3 Bd6+ $19) 42. Rd5 $1 {[%mdl 4160] [#]} e2 $4 (42... f2 $4 43. Kg2 {
and Black loses the light squares.}) (42... c6 43. Rg5+ Kh6 44. Rxg4 e2 45. Re4
$8 $18) (42... Kh6 $8 $11 43. Kg3 (43. Rg5 $4 f2 44. Kg2 e2 $19) 43... e2 44.
Kxg4 f2 45. Rh5+ Kg6 46. Rg5+ Kf7 (46... Kh6 $11) 47. Rf5+ Ke8 48. Rxf2 $8 e1=Q
49. Rf8+ Kxf8 50. Bxe1 $11) 43. Rg5+ $8 $18 Kh6 44. Rxc5 $8 (44. Rxg4 f2 $19)
44... dxc5 45. Kg1 $8 Kh5 46. Bg3 $8 Kg5 47. Kf2 $8 c6 48. Ke3 Kf5 49. b3 $22
Kg5 50. Ke4 1-0

[Event "CAN-ch"]
[Site "Kingston"]
[Date "2022.04.14"]
[Round "2.6"]
[White "MacKinnon, Keith"]
[Black "Rodrigue Lemieux, Shawn"]
[Result "0-1"]
[WhiteElo "2198"]
[BlackElo "2342"]
[Annotator "John Upper"]
[PlyCount "82"]
[EventDate "2022.04.13"]
[EventType "swiss"]
[EventRounds "9"]
[EventCountry "CAN"]
[SourceTitle "Chess Canada Tactiosauru"]
[Source "CFC/John Upper"]
[SourceDate "2023.03.11"]
[SourceVersion "1"]
[SourceVersionDate "2023.03.11"]
[SourceQuality "1"]

1. c4 e6 2. Nf3 d5 3. e3 Nf6 4. Nc3 Be7 5. b3 O-O 6. Bb2 dxc4 7. Bxc4 a6 $5 (
7... c5 8. d4 $11 {is very drawish.}) 8. d4 b5 9. Bd3 Bb7 10. Rc1 Nbd7 11. O-O
c5 12. dxc5 Nxc5 13. Bb1 Qb6 14. Ne5 Rfd8 15. Qc2 b4 16. Ne2 Be4 17. Qc4 Bxb1
18. Rxb1 Nfe4 {[%mdl 32832] [#]Critical Position Is Black threatening ...Nd2,
and if so, what should White do about it?} 19. Rfd1 $2 {The answer was "no":
the move ...Nd2 was not an immanent threat, since White saves the exchange
with threats against the Black K. But White's last move makes ...Nd2 a winner 
(because it weakens f2, allowing a ...Nd3 fork in some lines). In other words:
wrong rook.} (19. Rbc1 $142 Nd2 20. Qg4 Bf8 (20... Nxf1 $4 21. Nc4 $18 {
threatening mate on g7 and the Q on b6.}) 21. Nf4 $1 (21. Rfd1 $11) 21... Nxf1
22. Nh5 $8 Ne4 $8 23. Qxe4 $8 $14) (19. Rbd1 $142 Nd2 {[#] Analysis Diagram
There are some neat tactics at the end of this line:} 20. Qg4 $5 (20. Qf4 f6
21. Rxd2 Rxd2 22. Nc4 Qd8 23. Nxd2 Qxd2 24. Qc7 $13) 20... Nxf1 21. Rxd8+ $8
Rxd8 22. Nc4 {threatening mate and the Q.} (22. Kxf1 $4 Rd1#) 22... f6 (22...
Bf8 23. Nxb6 Rd1 24. Nc3 $8 {more or less transposes, but ...f6 helps Black a
little bit in the endgame.}) 23. Nxb6 Rd1 {[%mdl 32832] [#]  Critical Position
Black threatens both discovered mate and ...Ne3+ winning the Q.} 24. Nc3 $8 Re1
$8 (24... Nxe3+ $4 25. Qxd1 $18) 25. Qe2 $1 ({or} 25. Qd1 {also trades Q for R,
but leaves the Nd1 on a worse square.}) 25... Rxe2 26. Nxe2 Nd2 $11) 19... Nd2
$1 20. Qf4 (20. Qg4 $2 Nxb1 $8 $19 {and the threat of mate on d1 prevents Nc4.}
) 20... f6 $8 21. Rxd2 $8 (21. Nc4 $2 Nxb1 $19 {ditto.}) 21... Rxd2 $17 22. Nc4
{[#]} Rad8 $4 (22... Qd8 $8 $17 23. Nxd2 (23. Nd4 $2 e5 $19) 23... Qxd2 24. Qc4
(24. Qf3 Rd8 25. Nd4 Bf8 $1 {stepping out of Nc6 and preparing ...e5 and ...
Nd3.}) (24. Qc7 Qxe2 25. Qxe7 Nd3 $19 {White would be fine here if his Rb1 was
on f1.}) 24... Nd3 $19 {with a double attack on d2 and b2, and White's active
Q is good for only a couple of checks.}) (22... Rxb2 23. Rxb2 $11) 23. Bd4 $4 {
Interfering with the Rs stops the back rank mate, so White wins back the
exchange, but there was a better way.} ({Obviously not} 23. Nxb6 $4 Rd1+ 24.
Rxd1 Rxd1#) (23. Nd4 $142 Rxb2 $1 24. Rxb2 Qb7 $13 (24... Nd3 $2 25. Qg4 $1 $16
(25. Nxb6 $2 Nxf4 $13)) (24... e5 $6 25. Qg4 $14)) 23... Qb5 $1 (23... R2xd4 $4
{gives up more than the exchange since} 24. exd4 $18 {leaves the Q and N
attacked.}) (23... e5 $2 24. Qg4 (24. Qf3 $5) 24... Qe6 (24... R2xd4 $6) 25.
Qxe6+ Nxe6 26. Nxd2 $11) 24. Nxd2 Qxe2 $19 {Unlike the line with 23.Nd4,
Black's Q is very active here.} 25. Qc7 Rd7 26. Qc8+ Rd8 27. Qc7 Rd7 28. Qc8+
Kf7 29. Nf1 {[#]} Rxd4 $1 ({The computer prefers keeping the exchange with} 
29... Rd8 30. Qc6 Nd3 31. Qf3 Qxa2 $19 {but it's easy to see why Black
wouldn't want to let White's R get active after} 32. Ra1 Qxb3 33. Rxa6 $19) 30.
exd4 Nd3 31. d5 $5 {The computer hates this -- rating Qc4 as clearly best, but
still losing -- but White is busted no matter what, and this at least forces
Black to be wary.} Qxf2+ 32. Kh1 exd5 $8 (32... Qd4 $2 33. Qxe6+ Kf8 34. Qe3
Qxd5 $13 {Black has a pawn for the exchange, and threatens ...Bc5 and ...Nf2+
with play against the K.}) 33. Qh3 Qc2 $1 34. Qh5+ Kf8 $8 (34... g6 $4 35.
Qxh7+ Ke6 36. Qg8+ $11) 35. Ra1 {There's no perpetual after Qxd5.} Nf2+ 36. Kg1
Qc5 {[#]} 37. g3 {Avoiding the smothered mate:} (37. Ng3 $4 Nh3+ 38. Kh1 Qg1+
39. Rxg1 Nf2#) 37... Qd4 38. Re1 {Makes the R semi-safe and guards against ...
Qe4+.} Ng4+ 39. Kh1 Qf2 40. Rc1 (40. Qxg4 Qxe1 {porlongs the game but is
obviously hopeless.}) 40... Qf3+ 41. Kg1 Bc5+ (41... Bc5+ 42. Rxc5 Qf2+ 43. Kh1
Qxf1#) 0-1

[Event "CAN-ch"]
[Site "Kingston"]
[Date "2022.04.14"]
[Round "2.21"]
[White "Baylon, Glenda"]
[Black "Ouellet, Maili Jade"]
[Result "0-1"]
[WhiteElo "1858"]
[BlackElo "2179"]
[Annotator "John Upper"]
[PlyCount "112"]
[EventDate "2022.04.13"]
[EventType "swiss"]
[EventRounds "9"]
[EventCountry "CAN"]
[SourceTitle "Chess Canada Tactiosauru"]
[Source "CFC/John Upper"]
[SourceDate "2023.03.11"]
[SourceVersion "1"]
[SourceVersionDate "2023.03.11"]
[SourceQuality "1"]

{[%mdl 8192][%evp 0,112,28,28,28,-3,6,12,17,13,7,15,25,23,39,23,45,31,19,25,29,
6,37,-50,21,-186,-26,-39,38,28,25,30,35,30,180,167,224,224,253,255,260,262,271,
174,188,200,182,51,69,98,245,216,283,243,256,158,157,144,199,106,134,132,147,
171,168,297,337,371,356,429,433,452,457,446,444,587,702,259,254,233,197,391,
391,88,40,81,80,83,110,86,86,84,121,86,103,0,36,0,0,-183,-77,-345,-405,-421,
-310,-320,-422,-422,-1212,-1337,-1459,-29973,-29982,-29983,-29984]} 1. d4 d5 2.
c4 e6 3. Nc3 Nf6 4. e3 Be7 5. Nf3 O-O 6. Bd3 Nbd7 7. O-O c5 8. b3 b6 9. Bb2 Bb7
10. Re1 Ne4 11. Ne5 f5 {[%mdl 32768] [#] Critical Position Black's best piece
is the Ne4. What happens if White kicks it with 12.f3?} 12. f3 $4 {Natural,
but really bad. A well-hidden problem with this move is that Black's Q and DSB
-- which seem out of the game -- can suddenly attack the newly weakend dark
squares around the white K.} (12. Nxd7 $142 Qxd7 $11) (12. cxd5 $142 $6 cxd4
13. exd4 Nxe5 14. dxe5 Nxc3 15. Bxc3 Qxd5 16. Bf1 Rac8 $15) 12... Nxe5 $2 $15 {
Misses a chance at a big advantage. A good reminder of how positions with so
many possible captures can fool even very strong players.} (12... cxd4 $142 13.
exd4 (13. fxe4 dxc3 14. Bxc3 Nxe5 15. Bxe5 dxe4 $19 {Black is up a pawn and
White's structure stinks.}) (13. Nxd7 dxc3 $8 14. Nxf8 cxb2 15. Nxe6 Qd6 (15...
bxa1=Q $4 16. Qxa1 $18 {White threatens mate on g7 and the Qd8.}) 16. Rb1 Nc3
$19) 13... Nxe5 14. dxe5 Bc5+ 15. Kf1 Qh4 $19 {Black has mercilessly exploited
the dark-square weaknesses created by 12.f3.}) 13. dxe5 Ng5 $2 {Black, who
outrates her opponent by a lot, avoids simplifications; but now White plays a
series of strong moves.} (13... Nxc3 14. Bxc3 d4 $15) ({Here's an unusual idea:
} 13... d4 $5 14. Nxe4 fxe4 15. fxe4 Bh4 16. g3 Qg5 $1 17. Qe2 $8 dxe3 18. Qxe3
Rad8 {Black is nominally down a pawn, but has the active pieces.}) 14. cxd5 $1
exd5 15. Qc2 $1 {[#]} g6 $2 {Those long diagonals spell death for the black K.}
(15... d4 $142 16. Nb5 $14) 16. Rad1 $1 $18 {Threatening Nxd5 then Bc4.} Ne6 {
Blocks the c4-g8 diagonal, but White just inverts the move order.} 17. Bc4 $1
dxc4 $5 18. Rxd8 Raxd8 19. bxc4 $18 {[#] Black doesn't have nearly enough
material for the QP, and White steadily converts her advantage...} f4 20. e4
Nd4 21. Qc1 Bh4 22. Rd1 Ba6 23. Kh1 (23. Rxd4 Rxd4 24. Nd5 Rxc4 25. Qd2 $18)
23... Bxc4 24. Nd5 Bxa2 25. Bxd4 cxd4 26. Qb2 Bc4 27. Rxd4 b5 28. Nf6+ Kg7 29.
Rd7+ Rxd7 30. Nxd7 Re8 31. Qa1 (31. g3 $1) 31... Re7 32. e6+ Kh6 33. Qe5 Bxe6
34. Qxf4+ Bg5 35. Qf8+ Kh5 36. Nf6+ Bxf6 37. Qxf6 Re8 38. g3 Kh6 39. g4 b4 40.
g5+ Kh5 {[%mdl 32832] [#]} 41. f4 $4 {White's first bad move since 12.f3, but
it's a doozy, changing a long forced mate into a razor-edged calculation
contest.} (41. Kg2 $142 $1 {is #12 if Black thows away all her pieces; more
realistically:} b3 42. Kg3 h6 (42... b2 43. Qf4 b1=Q 44. Qh4#) 43. h4 b2 44.
Qf4 b1=Q 45. Qg4+ Bxg4 46. fxg4#) 41... Bh3 $1 $16 42. Qd4 $8 $16 (42. e5 $6
Rc8 $1 $11 43. Kg1 b3 44. Qf7 b2 45. Qxh7+ Kg4 46. Qd7+ Kh4 $8 (46... Kxf4 $4
47. Qd4+ Kxg5 48. Qe3+ $8 Kg4 49. Qg3+ Kf5 50. Qxh3+ Kxe5 51. Qe3+ $8 {and a
second-rank check forks the Pb2.}) 47. Qh7+ $11) 42... Rc8 $1 43. Qd1+ $2 $14 (
43. Kg1 $8 $18) 43... Bg4 (43... Kh4 $5) 44. Qb3 a5 45. h3 $1 Be2 $2 (45...
Rc1+ $8 46. Kh2 Bd1 47. Qe3 Rc3 $13) 46. Qe3 $1 $18 Rc2 {[%mdl 41024] [#]
Critical Position} 47. Qa7 $4 {Threatening Qxh7# and stopping Black's a-pawn:
what more could you hope to find in time pressure?} (47. f5 $8 $18 a4 48. f6 $8
a3 49. f7 a2 50. Qa7 (50. f8=Q $6 {should win, but it's a lot more work:} a1=Q+
51. Qg1 Qxg1+ (51... Rc1 $4 52. Qh6#) 52. Kxg1 Kxg5 53. Qxb4 $18) 50... Rc1+
51. Kg2 a1=Q 52. Qxa1 Rxa1 53. f8=Q Kxg5 54. Qc5+ {and Qf2+ or Qe3+ wins the B.
}) (47. e5 a4 $8 48. Qa7 $8 (48. e6 b3 49. Qa7) 48... Bf3+ 49. Kg1 Kh4 50. Qxa4
Rb2 51. Qa1 $8 Re2 $11) 47... Bf3+ $11 (47... Kh4 $5 48. Kg1 (48. Qf2+ Kxh3 49.
Qe3+ Kg4 50. f5 Bf3+ 51. Kg1 a4 52. f6 a3 53. f7 a2 54. Qa7 (54. Qxf3+ $6 Kxf3
55. f8=Q+ {is precarious, but the computer says White can hold on with all the
available checks.}) 54... Rc1+ 55. Kf2 a1=Q 56. Qxa1 Rxa1 57. f8=Q $11) 48...
Bf3 49. f5 {creating a passed pawn and opening a diagonal to g3 for checks} (
49. Qxa5 $4 Kg3 $19 50. Qa1 Rg2+ 51. Kf1 Be2+ $19) 49... b3 (49... Kg3 $4 50.
Qb8+ $8 Kxh3 51. f6 $8 Rg2+ 52. Kf1 Rh2 53. Qxh2+ $1 $18) (49... Kxh3 50. Qxh7+
$4 Kg3 $19) 50. f6 b2 51. Qb8 Rc1+ (51... Rg2+ $5 52. Kf1 Kxh3 $8 53. f7 Bxe4
$1 54. Qb3+ $5 Kh2 $8 55. f8=Q b1=Q+ 56. Qxb1 Bxb1 $11) 52. Kf2 b1=Q 53. Qg3+
Kh5 54. Qxf3+ Kxg5 {and White has a choice of perpetuals:} 55. h4+ (55. Qg3+
Kxf6 56. Qd6+ $11) 55... Kxh4 56. Qg3+ Kh5 57. Qh2+ Kg5 58. Qe5+ $11) 48. Kg1
Kh4 {[#]} 49. Qe3 $4 (49. Qxh7+ $4 {literally forces Black to make the winning
move:} Kg3 $19) (49. f5 $8 {As above: advancing a passer, and opening a
diagonal for checks to g3.} b3 (49... Kg3 $4 50. Qb8+ $18 Kxh3 51. f6 {as
above.}) 50. f6 b2 51. Qb8 $8 Rc1+ 52. Kf2 b1=Q 53. Qf4+ $11) 49... Kg3 $8 $19
50. Kf1 (50. Qe1+ Kxh3 51. Qf1+ Rg2+ 52. Kh1 Kg3 $19) 50... b3 51. Qe1+ (51.
Qxb3 Rc1+ 52. Qd1 Rxd1#) 51... Kxh3 52. Qb1 a4 53. e5 Be4 54. Qe1 b2 55. e6
Bd3+ 56. Kg1 Rc1 {This was the closest MJ came to losing during her 9-0 win in
the 2022 Canadian Women's Zonal.} 0-1